000
00332nam a2200157Ia 4500
100
_a
Sebesta/Robert W
250
_a
4
942
_c
BK
366
_f
25
245
_a
Programming the World Wide Web
260
_b
Pearson Eduation
_c
2008
082
_a
4.65
_b
SEB
300
_a
752
546
_a
ENGLISH
_c
electronics
999
_c
21205
_d
21205